<?xml version="1.0" encoding="UTF-8"?>
<record
    xmlns:xsi="http://www.w3.org/2001/XMLSchema-instance"
    xsi:schemaLocation="http://www.loc.gov/MARC21/slim http://www.loc.gov/standards/marcxml/schema/MARC21slim.xsd"
    xmlns="http://www.loc.gov/MARC21/slim">

  <leader>01696nam a22002297a 4500</leader>
  <datafield tag="999" ind1=" " ind2=" ">
    <subfield code="c">67827</subfield>
    <subfield code="d">67827</subfield>
  </datafield>
  <controlfield tag="005">20220104083954.0</controlfield>
  <controlfield tag="008">      s2551    th ||||| |||| 00| 0 tha d</controlfield>
  <datafield tag="040" ind1=" " ind2=" ">
    <subfield code="a">NALT</subfield>
  </datafield>
  <datafield tag="090" ind1=" " ind2=" ">
    <subfield code="a">KF 53.6 </subfield>
    <subfield code="b">&#xE2A;968&#xE01; 2551</subfield>
  </datafield>
  <datafield tag="100" ind1="0" ind2=" ">
    <subfield code="a">&#xE41;&#xE2A;&#xE27;&#xE07; &#xE1A;&#xE38;&#xE0D;&#xE40;&#xE09;&#xE25;&#xE34;&#xE21;&#xE27;&#xE34;&#xE20;&#xE32;&#xE2A;</subfield>
    <subfield code="9">7273</subfield>
  </datafield>
  <datafield tag="245" ind1="1" ind2="0">
    <subfield code="a">&#xE01;&#xE32;&#xE23;&#xE28;&#xE36;&#xE01;&#xE29;&#xE32;&#xE1E;&#xE31;&#xE19;&#xE18;&#xE01;&#xE23;&#xE13;&#xE35;&#xE41;&#xE25;&#xE30;&#xE04;&#xE27;&#xE32;&#xE21;&#xE1E;&#xE23;&#xE49;&#xE2D;&#xE21;&#xE02;&#xE2D;&#xE07;&#xE1B;&#xE23;&#xE30;&#xE40;&#xE17;&#xE28;&#xE44;&#xE17;&#xE22;&#xE43;&#xE19;&#xE01;&#xE32;&#xE23;&#xE1B;&#xE0F;&#xE34;&#xE1A;&#xE31;&#xE15;&#xE34;&#xE15;&#xE32;&#xE21;&#xE2D;&#xE19;&#xE38;&#xE2A;&#xE31;&#xE0D;&#xE0D;&#xE32;&#xE2A;&#xE2B;&#xE1B;&#xE23;&#xE30;&#xE0A;&#xE32;&#xE0A;&#xE32;&#xE15;&#xE34;&#xE27;&#xE48;&#xE32;&#xE14;&#xE49;&#xE27;&#xE22;&#xE01;&#xE32;&#xE23;&#xE15;&#xE48;&#xE2D;&#xE15;&#xE49;&#xE32;&#xE19;&#xE01;&#xE32;&#xE23;&#xE17;&#xE38;&#xE08;&#xE23;&#xE34;&#xE15; &#xE04;.&#xE28;. 2003 /</subfield>
    <subfield code="c">&#xE41;&#xE2A;&#xE27;&#xE07; &#xE1A;&#xE38;&#xE0D;&#xE40;&#xE09;&#xE25;&#xE34;&#xE21;&#xE27;&#xE34;&#xE20;&#xE32;&#xE2A;, &#xE27;&#xE34;&#xE2A;&#xE39;&#xE15;&#xE23; &#xE15;&#xE38;&#xE25;&#xE22;&#xE32;&#xE19;&#xE19;&#xE17;&#xE4C;, &#xE1B;&#xE08;&#xE34;&#xE15; &#xE08;&#xE34;&#xE15;&#xE15;&#xE40;&#xE2A;&#xE27;&#xE35;, &#xE1A;&#xE23;&#xE23;&#xE40;&#xE08;&#xE34;&#xE14; &#xE2A;&#xE34;&#xE07;&#xE04;&#xE30;&#xE40;&#xE19;&#xE15;&#xE34;...[&#xE41;&#xE25;&#xE30;&#xE04;&#xE19;&#xE2D;&#xE37;&#xE48;&#xE19; &#xE46;].</subfield>
  </datafield>
  <datafield tag="260" ind1="3" ind2=" ">
    <subfield code="a">&#xE01;&#xE23;&#xE38;&#xE07;&#xE40;&#xE17;&#xE1E;&#xE2F; : </subfield>
    <subfield code="b">&#xE2A;&#xE33;&#xE19;&#xE31;&#xE01;&#xE07;&#xE32;&#xE19;&#xE04;&#xE13;&#xE30;&#xE01;&#xE23;&#xE23;&#xE21;&#xE01;&#xE32;&#xE23;&#xE1B;&#xE49;&#xE2D;&#xE07;&#xE01;&#xE31;&#xE19;&#xE41;&#xE25;&#xE30;&#xE1B;&#xE23;&#xE32;&#xE1A;&#xE1B;&#xE23;&#xE32;&#xE21;&#xE01;&#xE32;&#xE23;&#xE17;&#xE38;&#xE08;&#xE23;&#xE34;&#xE15;&#xE41;&#xE2B;&#xE48;&#xE07;&#xE0A;&#xE32;&#xE15;&#xE34;, </subfield>
    <subfield code="c">2551</subfield>
  </datafield>
  <datafield tag="300" ind1=" " ind2=" ">
    <subfield code="a">595 &#xE2B;&#xE19;&#xE49;&#xE32; :</subfield>
    <subfield code="b">&#xE15;&#xE32;&#xE23;&#xE32;&#xE07; ;</subfield>
    <subfield code="c">29 &#xE0B;&#xE21;.</subfield>
  </datafield>
  <datafield tag="650" ind1=" " ind2="4">
    <subfield code="a">&#xE01;&#xE32;&#xE23;&#xE15;&#xE48;&#xE2D;&#xE15;&#xE49;&#xE32;&#xE19; </subfield>
    <subfield code="9">40963</subfield>
    <subfield code="x">&#xE01;&#xE32;&#xE23;&#xE17;&#xE38;&#xE08;&#xE23;&#xE34;&#xE15; </subfield>
    <subfield code="x">&#xE2D;&#xE19;&#xE38;&#xE2A;&#xE31;&#xE0D;&#xE0D;&#xE32;</subfield>
  </datafield>
  <datafield tag="653" ind1=" " ind2="4">
    <subfield code="a">&#xE01;&#xE32;&#xE23;&#xE15;&#xE48;&#xE2D;&#xE15;&#xE49;&#xE32;&#xE19;&#xE01;&#xE32;&#xE23;&#xE17;&#xE38;&#xE08;&#xE23;&#xE34;&#xE15; </subfield>
  </datafield>
  <datafield tag="700" ind1="0" ind2=" ">
    <subfield code="a">&#xE1A;&#xE23;&#xE23;&#xE40;&#xE08;&#xE34;&#xE14; &#xE2A;&#xE34;&#xE07;&#xE04;&#xE30;&#xE40;&#xE19;&#xE15;&#xE34;</subfield>
    <subfield code="9">12040</subfield>
  </datafield>
  <datafield tag="700" ind1="0" ind2=" ">
    <subfield code="9">40964</subfield>
    <subfield code="a">&#xE27;&#xE34;&#xE2A;&#xE39;&#xE15;&#xE23; &#xE15;&#xE38;&#xE25;&#xE22;&#xE32;&#xE19;&#xE19;&#xE17;&#xE4C;</subfield>
  </datafield>
  <datafield tag="700" ind1="0" ind2=" ">
    <subfield code="9">40965</subfield>
    <subfield code="a">&#xE1B;&#xE08;&#xE34;&#xE15; &#xE08;&#xE34;&#xE15;&#xE15;&#xE40;&#xE2A;&#xE27;&#xE35;</subfield>
  </datafield>
  <datafield tag="850" ind1=" " ind2=" ">
    <subfield code="a">NALT</subfield>
  </datafield>
  <datafield tag="942" ind1=" " ind2=" ">
    <subfield code="c">RSH</subfield>
    <subfield code="2">lcc</subfield>
  </datafield>
  <datafield tag="998" ind1=" " ind2=" ">
    <subfield code="j">104</subfield>
    <subfield code="k"> &#xE2A;&#xE32;&#xE22;&#xE1D;&#xE19; &#xE14;&#xE35;&#xE07;&#xE32;&#xE21;</subfield>
  </datafield>
  <datafield tag="952" ind1=" " ind2=" ">
    <subfield code="0">0</subfield>
    <subfield code="1">0</subfield>
    <subfield code="2">local</subfield>
    <subfield code="4">0</subfield>
    <subfield code="7">0</subfield>
    <subfield code="8">CRSH</subfield>
    <subfield code="a">NALT</subfield>
    <subfield code="b">NALT</subfield>
    <subfield code="e">&#xE1A;&#xE23;&#xE34;&#xE08;&#xE32;&#xE04;</subfield>
    <subfield code="l">0</subfield>
    <subfield code="o">&#xE27; KF 53.6 &#xE2A;968&#xE01; 2551</subfield>
    <subfield code="p">3961192080</subfield>
    <subfield code="r">2017-06-09 00:00:00</subfield>
    <subfield code="w">2017-06-09</subfield>
    <subfield code="y">RSH</subfield>
  </datafield>
</record>
